Finance ministers in Indian Parliament / (Record no. 41670)

MARC details
000 -LEADER
fixed length control field 00709nam a22001937a 4500
005 - DATE AND TIME OF LATEST TRANSACTION
control field 2010081302532.0
010 ## - LCCN (DPL NO)
LC control number ENG-100216
020 ## - INTERNATIONAL STANDARD BOOK NUMBER
International Standard Book Number 9788190919111
Terms of availability 80.00
035 ## - SYSTEM CONTROL NUMBER
System control number EN-83748
037 ## - SOURCE OF ACQUISITION
Source of stock number/acquisition DBAD/PUB
082 ## - DEWEY DECIMAL CLASSIFICATION NUMBER
Classification number 328.54
100 ## - MAIN ENTRY--PERSONAL NAME
Personal name Anbazhagan, M.
245 ## - TITLE STATEMENT
Title Finance ministers in Indian Parliament /
Statement of responsibility, etc by M. Anbazhagan
260 ## - PUBLICATION, DISTRIBUTION, ETC. (IMPRINT)
Place of publication, distribution, etc Sakthi Nagar
Name of publisher, distributor, etc Om Sakthi Publishers
Date of publication, distribution, etc 2009
270 ## - ADDRESS
Address Brammadesam Pudur, Brammadesam (Post)
City Sakthi Nagar
Postal code 638315
300 ## - PHYSICAL DESCRIPTION
Extent 166p.:
Other physical details ill.
Dimensions 20cm (pbk)
942 ## - ADDED ENTRY ELEMENTS (KOHA)
Source of classification or shelving scheme Dewey Decimal Classification
Item type English Books
Classification part 328.54
Call number suffix ANB
Holdings
Withdrawn status Lost status Not for loan Collection code Home library Current library Date acquired Source of acquisition Cost, normal purchase price Full call number Barcode Copy number Cost, replacement price Koha item type
    Not For Loan Non-fiction D.B.Act.Division D.B.Act.Division 13/08/2010 DBAD/PUB 80.00 328.54 ANB EN-83748 1 80.00 English Books

© Delhi Public Library
Hit Counter
free hit counter